Sabrina Carpenter - Paroles Sue Me - Statistiques

Statistiques générales
  • Ce quiz a été pris 11 fois
  • Le résultat moyen est 246 sur 336
Statistiques - réponses
Hint Réponse % Correct
be
100%
hmm
100%
I
100%
Bridge I,
100%
me?
100%
me
100%
me,
100%
can't
88%
chance
88%
for
88%
For
88%
illegal,
88%
illegal
88%
long
88%
looking
88%
miss
88%
my
88%
Oh
88%
(oh)
88%
pretty
88%
Couplet 1 Remember
88%
second
88%
Refrain So
88%
sue
88%
Sue
88%
that
88%
Pré-refrain That's
88%
the
88%
To
88%
to
88%
too
88%
when
88%
you
88%
You
88%
And
75%
baby
75%
baby,
75%
being
75%
change
75%
ever
75%
everything
75%
favorite
75%
Feelin'
75%
forget
75%
friends
75%
(go!)
75%
good
75%
heard
75%
made
75%
met
75%
name,
75%
no
75%
on,
75%
on
75%
right
75%
see
75%
shadow
75%
There's
75%
tonight
75%
want
75%
we
75%
wear
75%
What
75%
with
75%
your
75%
color
63%
don't
63%
got
63%
hard
63%
into
63%
it
63%
Couplet 2 It's
63%
it's
63%
know
63%
lights
63%
moving
63%
myself
63%
myself,
63%
past
63%
place
63%
running
63%
said
63%
shape,
63%
under
63%
been
50%
But
50%
could
50%
did
50%
doing
50%
floor
50%
goodbyes
50%
goodnights
50%
guess
50%
I'm
50%
nonchalantly
50%
out
50%
something
50%
think
50%
though
50%
up
50%
was
50%
Wearing
50%
Well
50%
yourself
50%
(Yup,
50%
yup,
50%
yup)
50%
as
38%
because
38%
feeling
38%
gonna
38%
happened
38%
hell
38%
hoping
38%
ignore
38%
jaw
38%
like
38%
not
38%
off
38%
Pick
38%
walk
38%
you've
38%
nothing
25%
dull
13%
Aucun quiz correspondant
Distribution des résultats
% des personnes avec chaque résultat
Percentile par nombre de réponses
Votre historique - résultats
Vous n’avez pas pris ce quiz